The School for Scandal (Record no. 10621)

MARC details
000 -LEADER
fixed length control field 00400nam a22001697a 4500
003 - CONTROL NUMBER IDENTIFIER
control field OSt
008 - FIXED-LENGTH DATA ELEMENTS--GENERAL INFORMATION
fixed length control field 210408b ||||| |||| 00| 0 eng d
020 ## - INTERNATIONAL STANDARD BOOK NUMBER
International Standard Book Number 9788124802977
082 ## - DEWEY DECIMAL CLASSIFICATION NUMBER
Classification number 822.6 SHS
100 ## - MAIN ENTRY--PERSONAL NAME
Personal name SHERIDAN,Richard Brinsley
245 ## - TITLE STATEMENT
Title The School for Scandal
250 ## - EDITION STATEMENT
Edition statement 1st
260 ## - PUBLICATION, DISTRIBUTION, ETC. (IMPRINT)
Place of publication, distribution, etc New Delhi
Name of publisher, distributor, etc Peacock Books
Date of publication, distribution, etc 2019
300 ## - PHYSICAL DESCRIPTION
Extent 92
650 ## - SUBJECT ADDED ENTRY--TOPICAL TERM
Topical term or geographic name as entry element BAENGHON
942 ## - ADDED ENTRY ELEMENTS (KOHA)
Source of classification or shelving scheme Dewey Decimal Classification
Koha item type Text Books
942 ## - ADDED ENTRY ELEMENTS (KOHA)
-- 27
Holdings
Withdrawn status Lost status Source of classification or shelving scheme Damaged status Not for loan Collection code Home library Current library Date acquired Source of acquisition Currency Cost, normal purchase price Bill Number Total Checkouts Full call number Acc. no. / Barcode Date last seen Date last borrowed Actual Cost, discounted price Bill Date Koha item type
    Dewey Decimal Classification     B.A Hons. English PIET NCR College Library PIET NCR College Library 03/04/2021 Kirti Praskshan IN Rupees 225.00 IN1981 2 822.6 SHS N1020 10/07/2021 10/07/2021 168.75 03/04/2021 Reference Books
    Dewey Decimal Classification     B.A Hons. English PIET NCR College Library PIET NCR College Library 03/04/2021 Kirti Praskshan IN Rupees 225.00 IN1981 5 822.6 SHS N1021 11/05/2023 21/04/2023 168.75 03/04/2021 Text Books
    Dewey Decimal Classification     B.A Hons. English PIET NCR College Library PIET NCR College Library 03/04/2021 Kirti Praskshan IN Rupees 225.00 IN1981 5 822.6 SHS N1022 05/05/2023 21/04/2023 168.75 03/04/2021 Text Books
    Dewey Decimal Classification     B.A Hons. English PIET NCR College Library PIET NCR College Library 03/04/2021 Kirti Praskshan IN Rupees 225.00 IN1981 4 822.6 SHS N1023 12/05/2023 21/04/2023 168.75 03/04/2021 Text Books
    Dewey Decimal Classification     B.A Hons. English PIET NCR College Library PIET NCR College Library 03/04/2021 Kirti Praskshan IN Rupees 225.00 IN1981 5 822.6 SHS N1024 04/05/2023 18/04/2023 168.75 03/04/2021 Text Books
    Dewey Decimal Classification     B.A Hons. English PIET NCR College Library PIET NCR College Library 03/04/2021 Kirti Praskshan IN Rupees 225.00 IN1981 4 822.6 SHS N1025 04/05/2023 01/05/2023 168.75 03/04/2021 Text Books
    Dewey Decimal Classification     B.A Hons. English PIET NCR College Library PIET NCR College Library 03/04/2021 Kirti Praskshan IN Rupees 225.00 IN1981 5 822.6 SHS N1026 04/05/2023 21/04/2023 168.75 03/04/2021 Text Books
    Dewey Decimal Classification     B.A Hons. English PIET NCR College Library PIET NCR College Library 03/04/2021 Kirti Praskshan IN Rupees 225.00 IN1981 5 822.6 SHS N1027 04/05/2023 21/04/2023 168.75 03/04/2021 Text Books

Design & Developed by: PIET Central Library
R70 Miles Stone Pattikalyana Samalkha Panipat 132102
mail ID :- [email protected], Phone No:- 0180-2569700 Ex.216